United Nations Environment Programme (Record no. 119517)

MARC details
000 -LEADER
fixed length control field 00615cam a2200181 4500
001 - CONTROL NUMBER
control field WS106780
008 - FIXED-LENGTH DATA ELEMENTS--GENERAL INFORMATION
fixed length control field 000000n 000 0 eng u
035 ## - SYSTEM CONTROL NUMBER
System control number (Sirsi) u106780
110 ## - MAIN ENTRY--CORPORATE NAME
Corporate name or jurisdiction name as entry element United Nations
9 (RLIN) 2749
245 ## - TITLE STATEMENT
Title United Nations Environment Programme
520 ## - SUMMARY, ETC.
Summary, etc. Basic guide to UN conventions on environmental issues including a good search facility.
650 0# - SUBJECT ADDED ENTRY--TOPICAL TERM
Topical term or geographic name entry element UNITED NATIONS CONVENTIONS
650 ## - SUBJECT ADDED ENTRY--TOPICAL TERM
Topical term or geographic name entry element CLIMATE CHANGE
650 ## - SUBJECT ADDED ENTRY--TOPICAL TERM
Topical term or geographic name entry element INTERNATIONAL
690 ## - LOCAL SUBJECT ADDED ENTRY--TOPICAL TERM (OCLC, RLIN)
Topical term or geographic name as entry element ENVIRONMENTAL AND LAND CONSULTANCY
856 40 - ELECTRONIC LOCATION AND ACCESS
Uniform Resource Identifier <a href="https://www.unep.org">https://www.unep.org</a>
Public note View the website free of charge at www.unep.org...
942 ## - ADDED ENTRY ELEMENTS (KOHA)
Suppress in OPAC 0
Holdings
Withdrawn status Lost status Source of classification or shelving scheme Damaged status Not for loan Home library Current library Shelving location Date acquired Total Checkouts Full call number Barcode Date last seen Copy number Price effective from Koha item type
    Dewey Decimal Classification     Virtual Virtual Online 27/06/2000   WEB SITE 106780-2001 06/08/2019 1 06/08/2019 Online material